| 000 | 00764nam a2200181Ia 4500 | ||
|---|---|---|---|
| 008 | 151018s9999 xx 000 0 und d | ||
| 082 |
_bRBASDV61859 _a891.433 |
||
| 100 | _aमुकेश नादान | ||
| 245 | _aशिकारी का शिकंजा तथा अन्य कहॉनियॉ | ||
| 250 | _b1 | ||
| 260 |
_bहार्दिक प्रकाशन नई दिल्ली _c2011 |
||
| 300 | _a75 | ||
| 600 | _aमुकेश नादान | ||
| 630 | _aशिकारी का शिकंजा तथा अन्य कहॉनियॉ | ||
| 700 | _aमुकेश नादान | ||
| 730 | _aशिकारी का शिकंजा तथा अन्य कहॉनियॉ | ||
| 942 | _cBOOK | ||
| 999 |
_c1055097 _d1055094 |
||